000 01222cam a2200337 a 4500
001 4396355
003 OSt
005 20211001112215.0
008 920710s1994 flua b 001 0 eng
010 _a 92027383
020 _a8179921182
038 _akhadija
040 _aDLC
_cDLC
_dDLC
041 1 _aeng
_hrus
050 0 0 _aTA357
_b.I3413 1994
082 0 0 _a620.1064
_220
_bHAN
100 1 _aIdelʼchik, I. E.
_982902
240 1 0 _aSpravochnik po gidravlicheskim soprotivlenii︠a︡m.
_lEnglish
245 1 0 _aHandbook of hydraulic resistance /
_cI.E. Idelchik ; editor, M.O. Steinberg ; translated by Greta R. Malyavskaya ; translation editor, Oleg G. Martynenko.
250 _a3rd ed.
260 _aBoca Raton, FL :
_bCRC Press,
_cc1994.
300 _a790 p. :
_bill. ;
_c26 cm.
504 _aIncludes bibliographical references and index.
563 _ahardcover
650 0 _aFluid dynamics.
_91384
650 0 _aFrictional resistance (Hydrodynamics)
_935931
700 1 _aSteinberg, M. O.
_982903
906 _a7
_bcbc
_corignew
_d1
_eocip
_f19
_gy-gencatlg
942 _2ddc
_cBK
999 _c32640
_d32640